[Event "Cornella Pinol Memorial 4th"]
[Site "Cornella de Llobregat"]
[Date "2016.11.21"]
[Round "9"]
[White "Santamaria Torres, Sergio"]
[Black "Costa Trave, Jaume"]
[Result "0-1"]
[WhiteElo "1721"]
[BlackElo "1917"]
[PlyCount "146"]
[EventDate "2016.09.26"]
[EventType "swiss"]
[EventRounds "9"]
[EventCountry "ESP"]
[SourceTitle "EXT 2018"]
[Source "ChessBase"]
[SourceDate "2017.10.13"]
[SourceVersion "1"]
[SourceVersionDate "2017.10.13"]
[SourceQuality "1"]

1. e4 e6 2. d4 d5 3. e5 c5 4. c3 Nc6 5. Nf3 Nge7 6. Na3 cxd4 7. cxd4 Nf5 8. Nc2 Qb6 9. Bd3 Bb4+ 10. Nxb4 Qxb4+ 11. Bd2 Qxb2 12. Bxf5 exf5 13. Qc1 Qxc1+ 14. Rxc1 0-0 15. 0-0 Be6 16. Rb1 Rab8 17. Bb4 Nxb4 18. Rxb4 h6 19. Rfb1 Rfc8 20. h4 Rc2 21. a4 Ra2 22. R1b2 Rxb2 23. Rxb2 Kf8 24. Ne1 a5 25. Nd3 Bd7 26. Nc5 Bc6 27. Na6 Rc8 28. Nc5 Ke7 29. Kf1 Rb8 30. Na6 Rc8 31. Nc5 Rc7 32. Ke2 Kd8 33. Ke3 Re7 34. Nb3 b6 35. Ra2 g6 36. Nc1 Kc7 37. Ne2 Kb7 38. Nc3 Ka6 39. Rb2 Rb7 40. Nb5 Bxb5 41. Rxb5 Rd7 42. f4 Kb7 43. Kd3 Kc6 44. Ke3 Rd8 45. Kd3 Rg8 46. Rb2 g5 47. hxg5 hxg5 48. Ke3 gxf4+ 49. Kxf4 Rg4+ 50. Kxf5 Rxd4 51. Ra2 Kd7 52. g4 Re4 53. Ra1 Re2 54. Rb1 Rf2+ 55. Kg5 Ke6 56. Rxb6+ Kxe5 57. Rb5 f6+ 58. Kh4 Rf4 59. Rxa5 f5 60. Kg3 Rxg4+ 61. Kf3 Rb4 62. Ra8 Rb3+ 63. Ke2 Kd4 64. Rf8 Rb2+ 65. Kf3 Kc4 66. a5 Ra2 67. Rxf5 Rxa5 68. Ke2 Ra2+ 69. Kd1 d4 70. Rf8 Ra1+ 71. Ke2 d3+ 72. Kf2 d2 73. Rc8+ Kb5 0-1

[Event "Cornella Pinol Memorial 4th"]
[Site "Cornella de Llobregat"]
[Date "2016.11.07"]
[Round "7"]
[White "Santamaria Torres, Sergio"]
[Black "Vallbona Domingo, Joan"]
[Result "1-0"]
[WhiteElo "1721"]
[BlackElo "1972"]
[PlyCount "51"]
[EventDate "2016.09.26"]
[EventType "swiss"]
[EventRounds "9"]
[EventCountry "ESP"]
[SourceTitle "EXT 2018"]
[Source "ChessBase"]
[SourceDate "2017.10.13"]
[SourceVersion "1"]
[SourceVersionDate "2017.10.13"]
[SourceQuality "1"]

1. e4 c5 2. Nf3 e6 3. d4 cxd4 4. Nxd4 a6 5. Bd3 Bc5 6. Nb3 Be7 7. 0-0 Nc6 8. Qg4 g6 9. Nc3 d6 10. f4 Nf6 11. Qg3 Bd7 12. Be3 Nb4 13. Rad1 Qc7 14. a3 Nxd3 15. Rxd3 Bc6 16. e5 Ne4 17. Nxe4 Bxe4 18. Rc3 Qb8 19. exd6 Bxd6 20. Bd4 Rg8 21. Qh4 h5 22. Rd1 Bd5 23. Bc5 Qd8 24. Qxd8+ Rxd8 25. Bxd6 Rxd6 26. Rc8+ 1-0

[Event "Barcelona Sant Marti op-B 15th"]
[Site "Barcelona"]
[Date "2013.07.21"]
[Round "9"]
[White "Salazar Navas, Josep"]
[Black "Santamaria Torres, Sergio"]
[Result "0-1"]
[WhiteElo "1789"]
[BlackElo "1620"]
[PlyCount "46"]
[EventDate "2013.07.13"]
[EventType "swiss"]
[EventRounds "9"]
[EventCountry "ESP"]
[SourceTitle "CBM 155 Extra"]
[Source "ChessBase"]
[SourceDate "2013.08.26"]
[SourceVersion "1"]
[SourceVersionDate "2013.08.26"]
[SourceQuality "1"]

1. e4 c5 2. Nc3 Nc6 3. g3 g6 4. Bg2 Bg7 5. d3 d6 6. Be3 e5 7. Qd2 Nge7 8. Bh6 0-0 9. h4 Bxh6 10. Qxh6 f6 11. Qd2 Nd4 12. h5 g5 13. h6 Be6 14. f4 exf4 15. gxf4 gxf4 16. 0-0-0 Ng6 17. Rf1 Qa5 18. a3 b5 19. Nh3 b4 20. Nd5 Bxd5 21. exd5 Rae8 22. Nxf4 Nxf4 23. Qxf4 Ne2+ 0-1

[Event "Barcelona Sant Marti op-B 15th"]
[Site "Barcelona"]
[Date "2013.07.17"]
[Round "5"]
[White "Romero Funieles, Rafael de Jesus"]
[Black "Santamaria Torres, Sergio"]
[Result "1/2-1/2"]
[WhiteElo "1735"]
[BlackElo "1620"]
[PlyCount "94"]
[EventDate "2013.07.13"]
[EventType "swiss"]
[EventRounds "9"]
[EventCountry "ESP"]
[SourceTitle "CBM 155 Extra"]
[Source "ChessBase"]
[SourceDate "2013.08.26"]
[SourceVersion "1"]
[SourceVersionDate "2013.08.26"]
[SourceQuality "1"]

1. e4 c5 2. Nf3 d6 3. h3 a6 4. c3 Nc6 5. Be2 Nf6 6. d3 g6 7. Be3 Bg7 8. a3 a5 9. 0-0 0-0 10. Nbd2 e5 11. Rb1 a4 12. Qc1 Ne8 13. Nh2 f5 14. exf5 Bxf5 15. Ne4 Nf6 16. f3 Nd5 17. Bg5 Qd7 18. Ng4 h5 19. Ne3 Bxe4 20. dxe4 Nf4 21. Bxf4 Rxf4 22. Nd5 Raf8 23. Bc4 Kh7 24. Nxf4 Rxf4 25. Qd2 Nd8 26. Rbd1 b5 27. Be2 Nf7 28. c4 Ng5 29. Bd3 Bh6 30. Qf2 bxc4 31. Bc2 Ne6 32. g3 Rf8 33. h4 Nd4 34. Qg2 Qb5 35. f4 Qxb2 36. Bxa4 Qxa3 37. Ra1 Qe3+ 38. Kh1 Ne2 39. Rf3 Qxe4 40. Bb5 Nd4 41. Ra7+ Kh8 42. Raa3 Nxb5 43. Rae3 Qd5 44. fxe5 Rxf3 45. Rxf3 Qxe5 46. Rf7 Qe8 47. Qb7 Qe1+ 1/2-1/2